Sąsiedzi krajów Europy na literę S - Statystyki

Ogólne statystyki
  • Ten quiz został rozwiązany 26 razy
  • Średni wynik to 17 z 18
Statystyki odpowiedzi
Kraj na literę S Odpowiedź % Poprawnych
Słowacja, Szwajcaria i Słowenia Austria
100%
Serbia Czarnogóra
100%
Słowacja Czechy
100%
Szwajcaria Niemcy
100%
Słowacja Polska
100%
Słowacja, Serbia i Słowenia Węgry
100%
Szwajcaria, Słowenia i San Marino Włochy
100%
Słowenia i Serbia Chorwacja
96%
Szwecja Finlandia
96%
Szwecja Norwegia
96%
Serbia Bułgaria
92%
Szwajcaria Francja
92%
Serbia Kosowo
92%
Szwajcaria Liechtenstein
92%
Serbia Rumunia
92%
Słowacja Ukraina
92%
Serbia Bośnia i Hercegowina
83%
Serbia Macedonia Północna
83%
Nie znaleziono quizów pasujących do podanych kryteriów
Rozkład punktacji
Procent ludzi z każdym wynikiem
Percentyl według liczby udzielonych odpowiedzi
Twoja historia wyników
Nie rozwiązałeś tego quizu